000 01739cam a22005054i 4500
003 PE-LiUPU
005 20250731172953.0
008 150623s r 000 0 d
020 _a0310200067
035 _a(Sirsi) i9780310200062
040 _aPE-LiUPU
_bspa
_cPE-LiUPU
_erda
049 _aPRUA
082 0 4 _a277.3082
_bR35
_221
100 1 _aRegele, Mike,
_eautor.
245 1 0 _aDeath of the church /
_cMike Regele, with Mark Schulz.
264 1 _aMichigan :
_bZondervan Publishing House,
_c1995.
300 _a287 páginas :
_bilustraciones, cuadros, gráficos ;
_c24 centímetros
336 _atext
_2rdacontent
337 _aunmediated
_2rdamedia
338 _avolume
_2rdacarrier
505 0 _aChange. -Focal points of change. -The church in a defining moment.
526 _aSEG42
526 _aSEG41
526 _aSEG40
526 _aSEG39
526 _aP94
526 _aP87
526 _aP86
526 _aP85
526 _aP77
526 _aP76
526 _aP35
650 0 4 _aCristianismo
_zEstados Unidos
_xPredicción.
650 0 4 _aEstados Unidos
_xCivilización
_ySiglo XX.
650 0 4 _aEstados Unidos
_xCondiciones morales.
650 0 4 _aEstados Unidos
_xHistoria de la Iglesia
_ySiglo XX.
650 0 4 _aRenovación de la Iglesia.
700 1 _aMark Schulz,
_eautor.
942 _2ddc
_cBOOK
949 _a277.3082 R35
_wDEWEY
_c1
_i45071
_lCCODEBUL1
_mBUL
_r0
_sY
_tBOOK
_u2015-6-24
_xTEOLOGIA
_PP35
_0COMPRA
_o.STAFF. Colección General
994 _aC0
_bPEPRU
596 _a1
999 _a277.3082 R35
_wDEWEY
_c21954
_i45071
_f2021-11-11
_g5
_lCCODEBUL1
_mBUL
_r0
_sY
_tBOOK
_u2015-6-24
_xTEOLOGIA
_PP35
_0COMPRA
_o.STAFF. Colección General
_d21954
980 _81
_gALBERTO SANCHEZ Responsable de Automatización